| 000 | 01558cam a2200409 i 4500 | ||
|---|---|---|---|
| 001 | 10912849 | ||
| 003 | USPCAS-E | ||
| 005 | 20180118181417.0 | ||
| 006 | m d | ||
| 007 | cr n | ||
| 008 | 130918t20142014gw fa sb 001 0 eng d | ||
| 020 | _a9783527411771 | ||
| 020 | _a9783527665044 (ePub) | ||
| 020 | _a9783527665037 (Mobi) | ||
| 020 | _a9783527665020 (oBook) | ||
| 020 | _a9783527665051 (ebook) | ||
| 035 | _a(WaSeSS)ssj0001191348 | ||
| 040 |
_aCaPaEBR _beng _erda _epn _cCaPaEBR _dWaSeSS |
||
| 050 | 4 |
_aQB464 _b.N34 2014eb |
|
| 050 | 4 | _aQC793.2 | |
| 082 | 0 | 4 |
_a523.0197 _223 _bNAG-B 2014 |
| 100 | 1 |
_aNagashima, Yorikiyo, _eauthor. |
|
| 210 | 1 | 0 | _aBeyond the standard model of elementary particle physics / |
| 245 | 1 | 0 |
_aBeyond the standard model of elementary particle physics / _cYorikiyo Nagashima. |
| 260 |
_aWeinheim: _bWiley, _c2005. |
||
| 502 | _a. | ||
| 504 | _aIncludes bibliographical references and index. | ||
| 506 | _aLicense restrictions may limit access. | ||
| 650 | 0 | _aNuclear astrophysics. | |
| 650 | 0 | _aParticles (Nuclear physics) | |
| 655 | 0 | _aElectronic books. | |
| 773 | 0 | _tWiley-Blackwell Online Books | |
| 776 | 0 | 8 |
_iPrint version: _aNagashima, Yorikiyo. _tBeyond the standard model of elementary particle physics. _dWeinheim, Germany : Wiley-VCH Verlag, c2014 _hxxiii, 628 pages _z9783527411771 |
| 856 | 4 | 0 |
_uhttp://www.columbia.edu/cgi-bin/cul/resolve?clio10912849 _zFull text available from Wiley-Blackwell Online Books |
| 910 | _aVendor-generated brief record | ||
| 942 |
_2ddc _cBK |
||
| 999 |
_c355881 _d355881 |
||